1983 1213 1831 1592 1698 1718 1312 1240 1887 1116 1377 1975 1249 1078 1282 1728 1080 1665 1253 1221 1592 1268 1859 1961 1585 1846 1003 1617 1650 1294 1425 1196 1964 1416 1117 1168 1576 1614 1947 1180 1651 1492 1846 1907 1805 1428 1222 1735 1486 1402 1789 1313 1008 1799 1500 1486 1004 1805 1086 1345 1911 1120 1398 1318 1006 1488 1292 1159 1728 1254 1938 1379 1718 1792 1895 1695 1912 1939 1671 1193 1978 1472 1481 1569 1590 1437 1564 1470 1000 1086 1400 1701 1596 1621 1897 1944 1494 1143 1047 BCNSPRNW ULIB Ver.6.0+V

เปลี่ยนเป็นภาษาไทย

Change to English
 แสดงรายละเอียดบรรณานุกรม
  กลับหน้าหลัก

Brief Record : Get Marc (ISO 2709) : E-mail record : QR code < ปิดหน้าต่าง
LEADER : 00000nam 2200000uu 4500
001    13399112270
003     ULIB
008    110530s1999||||th 000 0 eng d
020    08385161
060 04 WB141^bL274C 1999
100 1  Lawrence M, Tierney
245 10 Current Medical DiaGnosis&Treatment 1999 /^cLawrence M, Tierney
250    38th ed
260    Stamford :^bAppleton & Lange,^c1999
300    1672 p. :^bill
650  2 Current Medical DiaGnosis&Treatment 1997
945    ^p0^l0^i010067
995    Tossapron
999 ^a ใช้งานได้ทุกระบบ
รายการนี้ยังไม่มีแท็ก
คุณยังไม่ได้ล็อกอิน คุณสามารถมีกิจกรรมร่วมกับเว็บไซต์ได้ แต่ต้องล็อกอินก่อน ::
  ล็อกอิน

รายการสื่อสารสนเทศ

ลำดับที่ ประเภท เลขเรียก/บาร์โค้ด สถานที่ สถานะ
- ไม่พบข้อมูล -

BibComment


ยังไม่เคยถูกคอมเมนท์

คอมเมนท์ทรัพยากรรายการนี้
  คอมเมนท์: Current Medical D..


 Copyright 2026. Bcnsprnw @Library